| 000 | 00724 a2200241 4500 | ||
|---|---|---|---|
| 003 | OSt | ||
| 005 | 20180116192400.0 | ||
| 008 | 120702t xxu||||| |||| 00| 0 eng d | ||
| 010 | _a 2003271588 | ||
| 020 | _a071484232X | ||
| 020 | _a9780714845180 | ||
| 035 | _a(OCoLC)ocm50495608 | ||
| 040 | _c0 | ||
| 082 | 0 | 4 | _a759.2 |
| 100 | 1 |
_aTrippi, Peter. _95064 |
|
| 245 | 1 | 0 |
_aJ.W. Waterhouse / _cPeter Trippi. |
| 260 |
_aLondon ; _aNew York : _bPhaidon, _c2002. |
||
| 300 |
_a251 p. : _bill. (chiefly col.) ; _c30 cm. |
||
| 600 | 1 | 0 |
_aWaterhouse, John William, _d1849-1917. _95065 |
| 650 | 1 | 0 |
_aPainters _zEngland _95066 |
| 942 |
_aSADA _cBK _k759.2 TRI 2002 _2ddc |
||
| 999 |
_c353280 _d353280 |
||